000 00863nam a22002897a 4500
003 CHAP
005 20220329140023.0
008 971013s1901 r 00010 d
010 _a45670
011 _a46642
035 _a50783
040 _cCHAP
082 _a331.2863
_bR4
245 _aRelación del trabajo que hicierón los sirbientes de este rancho
260 _a(Finca San Nicolás, Yucatán),
_c1901-02
300 _a(38) p.
500 _aManuscrito
590 _aBATCH-UPD
_b10
_c20130110
_lUCH01
_h1102
590 _aBATCH-UPD
_b10
_c20130410
_lUCH01
_h0655
590 _aBATCH-UPD
_b10
_c20130914
_lUCH01
_h1606
590 _aCONVERSION
_b10
_c20130109
_lUCH01
_h1325
650 1 4 _aHenequén
_xYucatán.
_953592
650 1 4 _aSalarios
_xYucatán.
_9101272
901 _aBK
942 _cLIBRO
949 _a331.2863 R4
_bBC
_cBPP
_d-114019
_eBPP
_i50783
_si
999 _c45670
_d45670